| 000 | 00472cam a2200193ua 4500 | ||
|---|---|---|---|
| 001 | 8266 | ||
| 008 | 150113n ii |||gr||||Z||||||eng | ||
| 040 | _cMAIN | ||
| 041 | _aeng | ||
| 082 | _a823.3 | ||
| 100 |
_aNeill,S. D., _eAuthor. |
||
| 245 | 1 |
_aShort history of the english novel _cBy S. Daina Neill |
|
| 250 | _a1st. | ||
| 260 |
_aNew Delhi: _bKalyani, _c1998. |
||
| 300 | _a456p. | ||
| 653 | _aEnglish fiction | ||
| 653 | _aHistory of english novels | ||
| 942 | _cBK | ||
| 999 |
_c7381 _d7381 |
||